000 01055nam a2200229Ia 4500
003 Ost
005 20260507075354.0
008 260507s9999||||xx |||||||||||||| ||und||
040 _cfsecg
041 _aara
082 _a330
100 _aقرني، أحمد سمير
_eمؤلف
245 0 _aحكم التسويق بعمولة هرمية :
_bدراسة فقهية قانونية مقارنة /
_c أحمد سمير قرني
260 _aعمان:
_bدار النفائس للنشر والتوزيع,
_c2012
300 _a180 صفحة؛
_bإيضاحات ؛
_c24 سم
504 _aالمراجع ص.171
520 _aالتعريف بالتسويق الهرمي وبيان أهميته وحقيقته- بيان مذهب الفقهاء المعاصرين من هذه القضية- مقارنة بين موقف القوانين الغربية وموقف الفقه الإسلامي من هذه القضية
653 _aأدارة المبيعات
653 _aالإقتصاد الإسلامي
653 _aالتسويق
942 _cكتاب
999 _c44187
_d44187